000 00474nab a2200145Ia 4500
003 ES-SlBCS
005 20210601125237.0
008 140529s1977 xxu||||| |||| 00| 0 eng d
041 _aeng
100 1 _aHorowitz, Ruth L.
_9155887
245 0 0 _aPhenomenology and Citizenship: A Contribution by Alfred Schutz
_c Ruth L. Horowitz
650 0 4 _aFenomenología
_986431
773 0 _tPhilosophy and Phenomenological Research
_gvol. 37, 1977, págs. 293-311
_wRev1411
942 _cAR
999 _c527125
_d527125